Agency league tables (Record no. 120571)

MARC details
000 -LEADER
fixed length control field 00795cam a2200181 4500
001 - CONTROL NUMBER
control field L136303
008 - FIXED-LENGTH DATA ELEMENTS--GENERAL INFORMATION
fixed length control field 070123n 000 0 eng u
035 ## - SYSTEM CONTROL NUMBER
System control number (Sirsi) u136303
041 0# - LANGUAGE CODE
Language code of text/sound track or separate title eng
110 2# - MAIN ENTRY--CORPORATE NAME
Corporate name or jurisdiction name as entry element Scottish Property Network
9 (RLIN) 3513
245 00 - TITLE STATEMENT
Title Agency league tables
Medium [electronic resource]
520 ## - SUMMARY, ETC.
Summary, etc. Monthly league tables detailing current availability and transactions by agent in the main Scottish office and industrial markets. Agents are ranked by number and size of instructions and by the number and size of disposals for occupation.
590 ## - LOCAL NOTE (RLIN)
Local note KA
651 #4 - SUBJECT ADDED ENTRY--GEOGRAPHIC NAME
Geographic name Scotland
Chronological subdivision 1999-
690 ## - LOCAL SUBJECT ADDED ENTRY--TOPICAL TERM (OCLC, RLIN)
Topical term or geographic name as entry element PROPERTY-COMMERCIAL PROPERTY-COMMERCIAL PROPERTY AGENCY
856 40 - ELECTRONIC LOCATION AND ACCESS
Uniform Resource Identifier <a href="https://www.scottishproperty.com/">https://www.scottishproperty.com/</a>
Public note View the item free of charge at www.scottishproperty.com/...
942 ## - ADDED ENTRY ELEMENTS (KOHA)
Suppress in OPAC 0
Holdings
Withdrawn status Lost status Source of classification or shelving scheme Damaged status Not for loan Home library Current library Shelving location Date acquired Total Checkouts Full call number Barcode Date last seen Copy number Price effective from Koha item type
    Dewey Decimal Classification     Virtual Virtual Online 23/01/2007   WEBSITE 136303-1001 06/08/2019 1 06/08/2019 Online material